000 00630nam a2200205 i 4500
001 bgj
100 1 _aCHOLODENKO, Marc.
245 1 0 _aMordechai Schamz /
_cMarc Cholodenko ; transl. by Dominic Di Bernardi.
260 _aElmwood Park, Il :
_bThe Dalkey Archive Press,
_ccop. 1988.
300 _a121 pp ;
_c23 cm.
500 _aTransl. from French.
650 9 _aFrench fiction
_y20th century
700 1 _aDI BERNARDI, Dominic.
_etransl.
020 _a0916583317 (hbk, jacket)
040 _cBPK
041 1 _aeng
_hfrfr
920 _a0-916583-31-7 (hbk, jacket)
942 _cKS
008 s uk f |000 0 eng
999 _c47260
_d47260
856 _uhttp://koha.tu.koszalin.pl/cgi-bin/koha/opac-detail.pl?biblionumber=47260
_yKatalog online BPK